000 00752cam a22002533a 4500
001 29683
003 PGUSA
005 20140828083636.0
008 090813s2009||||xxu|||||s|||||000 1 eng d
040 _aPGUSA
_beng
042 _adc
050 4 _aPZ
100 1 _aRaper, Eleanor
245 1 4 _aThe Little Girl Lost :
_bA Tale for Little Girls
_h[electronic resource] /
_cEleanor Raper
260 _bProject Gutenberg,
_c2009
506 _aPublic domain in the USA.
516 _aElectronic text
653 _aChina -- Juvenile fiction
653 _aMissing children -- Juvenile fiction
653 _aBritish -- China -- Juvenile fiction
830 0 _aProject Gutenberg
_v29683
856 4 0 _uhttp://www.gutenberg.org/ebooks/29683
942 _cEB
999 _c258938
_d258938